| 000 | 00951nam a2200301Ia 4500 | ||
|---|---|---|---|
| 003 | GCL | ||
| 008 | 140319s9999 xx 000 0 ara d | ||
| 040 |
_aGCL / _cGCL |
||
| 082 | 0 | 4 |
_a808 _bف ف |
| 100 | 1 | _aفهد خليل زايد | |
| 245 | 1 | 0 |
_aفن الكتابة والتعبير / _cفهد خليل زايد |
| 700 | 1 | _aفاطمة السعدى | |
| 250 | _aالاولى | ||
| 260 |
_aالاردن : _bمكتبة الرسالة ، _c2006 |
||
| 300 |
_a266 ص ؛ _c24 سم |
||
| 650 | 0 | 4 | _aالخطابة |
| 650 | 0 | 4 | _aالمناظرات |
| 650 | 0 | 4 | _aفن كتابة القصة |
| 650 | 0 | 4 | _aكتابة التقارير |
| 650 | 0 | 4 | _aالكتابة العلمية |
| 650 | 0 | 4 | _aالكتابة، علم |
| 650 | 0 | 4 | _aكتابة الرسائل |
| 650 | 0 | 4 | _aالتلخيص |
| 650 | 0 | 4 | _aفن كتابة المسرحية |
| 650 | 0 | 4 | _aالمسرحيات - انواع |
| 650 | 0 | 4 | _aالرسائل - انواع |
| 942 |
_2ddc _cBK |
||
| 999 |
_c9996 _d9996 |
||